| 000 | 00620nam a2200217Ia 4500 | ||
|---|---|---|---|
| 005 | 20250507130342.0 | ||
| 008 | 008 250505s9999 xx 000 0 chi d | ||
| 020 | _a9789578014084 | ||
| 037 | _aAnnuals, Advances | ||
| 040 |
_aEASL _beng _cEASL |
||
| 041 |
_achi _2eng |
||
| 084 |
_aV5:194295, P3 _qEASL |
||
| 100 |
_aShi Zheng Feng Ed. _9665188 |
||
| 245 | 0 | _aOu zhou tong he yu Tai Wan | |
| 260 |
_aChina _bTaibei Qian jie chubanshe China _c2003 |
||
| 300 | _a384p. | ||
| 365 |
_aYu _b400.00 |
||
| 650 |
_aCL _9642733 |
||
| 942 |
_cTEXL _hV5:194295, P3 |
||
| 999 |
_c1319167 _d1319167 |
||